000
00325nam a2200133Ia 4500
008
231129s1983||||xx |||||||||||||| ||spa||
040
_b
spa
082
_a
813 S912d
100
_a
Straub Peter
245
0
_a
El dragón flotante
260
_c
1983
264
_a
Bogotá Colombia : Círculo de Lectores
942
_2
ddc
_c
BKS
999
_c
10922
_d
10922